000 00537nam a2200193 a 4500
001 912
003 CO-ViMGA
008 141112s2004 ck r 000 u spa d
040 _aCO-ViMGA
_bspa
_cCO-ViMGA
082 0 4 _a843.8 D182c
100 1 _aDaudet, Alphonse
_948880
245 1 0 _aCartas de mi molino
260 _aSantafé de Bogotá :
_bNorma,
_c1995
300 _a230, 47 p
490 _aCara y cruz
500 _aEncuadernado con A propósito de Alphonse Daudet y su obra.
650 1 4 _aNOVELA FRANCESA
_92629
942 _2ddc
_cBK
999 _c13139
_d13139